=LDR 00000nam 2200000 4500 =001 INLIS000000000052290 =005 20180131083141 =035 ##$$a 0010-0118000478 =007 ta =008 180131###########################0###### =020 ##$$a 978-602-317-029-6 =082 ##$$a 372.21 =084 ##$$a 372.21 YEK g =100 #$$a Yekti Mawarini =245 1#$$a Genim Book Belajar Membaca Dan Menulis Tercepat Dan Nol Jampai Jago /$c Yekti Mawarini =250 ##$$a cet.2 =260 ##$$a Surakarta :$b Visi Mandiri,$c 2015 =300 ##$$a 144 hlm. : $b ilus. ; $c 24 cm =650 ##$$a Taman Kanak-Kanak =700 #$$a Penyunting, Kak Hala =990 ##$$a 25372537 =990 ##$$a 25372537 =990 ##$$a 25372537 =990 ##$$a 25372537 =990 ##$$a 25372537 =990 ##$$a 21705126 =990 ##$$a 01201802537 =990 ##$$a 01201802538 =990 ##$$a 01201802539 =990 ##$$a 01201802540 =990 ##$$a 21705127 =990 ##$$a 01201802537 =990 ##$$a 01201802538 =990 ##$$a 01201802539 =990 ##$$a 21705126 =990 ##$$a 21705128 =990 ##$$a 01201802537 =990 ##$$a 01201802538 =990 ##$$a 21705127 =990 ##$$a 21705126 =990 ##$$a 21705129 =990 ##$$a 01201802537 =990 ##$$a 21705128 =990 ##$$a 21705127 =990 ##$$a 21705126 =990 ##$$a 21705130 =990 ##$$a 21705129 =990 ##$$a 21705128 =990 ##$$a 21705127 =990 ##$$a 21705126